| 000 | 006590000a22001810004500 | ||
|---|---|---|---|
| 003 | MACL | ||
| 005 | 20160331170418.0 | ||
| 008 | 160331b xxu||||| |||| 00| 0 eng d | ||
| 040 |
_aMACL _cMACL |
||
| 041 | _aHindi | ||
| 082 | _a300 | ||
| 100 |
_aडॉ कृष्णा पाण्डेय _949461 |
||
| 245 |
_aपरिवार कल्याण कार्य क्रम _bएक ऐतिहासिक सर्वेक्षण |
||
| 260 |
_bदेविका पब्लिकेशन्स _c2004 _aदिल्ली |
||
| 350 | _a500 | ||
| 650 |
_aSocial Welfare Problems & Services _93698 |
||
| 942 |
_cHIN _k300 _2ddc |
||
| 999 |
_c11560 _d11560 |
||